000
00297nam a22001337a 4500
008
180807b xxu||||| |||| 00| 0 eng d
082
_a
813.52
245
_a
Managerial Accounting
_c
Hill,M.G
260
_c
2010
300
_a
1
_f
CD
440
_x
9780073359809
760
_b
13th
942
_2
ddc
_c
MX
999
_c
46891
_d
46891